000 00706nam a2200241 a 4500
001 BRCA_6542
005 20190320205510.0
008 290911s1977----enk#######---#000-0#eng-#
041 _aenk
044 _aUk
050 4 _aN6370
_b.S48 1977
100 1 _aShearman, John K. G.
_916329
245 1 0 _aMannerism
_cJohn Shearman.
260 _aGran Bretaña, Inglaterra
_bPenguin Books
_c1977
300 _a215 p.
_bil.
_c20 cm.
440 0 _aStyle and Civilization
_916330
500 _aIncluye catálogo de ilustraciones e índice alfabético
500 _aDonación Dra. Elsa Barberena
504 _aBibliografía: p. 207-208.
650 1 4 _aManierismo (Arte)
_916331
902 _aDEB
942 _2lcc
_cB
999 _c6226
_d6226